000 01965cam a2200373 i 4500
001 17676224
003 PILC
005 20150218082940.0
008 130326s2013 caua b 001 0 eng
010 _a 2013012274
020 _a9780470533284
035 _a(DNLM)101604917
040 _aDNLM/DLC
_cDLC
_dDLC
042 _apcc
050 0 0 _aRA 418
_b.M77 2013
060 1 0 _aWA 530.1
082 0 0 _a362.1
100 1 _aMuennig, Peter,
_eauthor.
245 1 0 _aIntroducing global health :
_bpractice, policy, and solutions /
_cPeter Muennig, Celina Su.
250 _a1st ed.
260 _aSan Francisco :
_bJossey-Bass, a Wiley brand,
_cc2013.
300 _axxvi, 369 pages :
_billustrations ;
_c24 cm.
504 _aIncludes bibliographical references (pages 351-355) and indexes.
505 0 _aA very brief history of global health policy -- Case studies in development and health -- The global burden of disease -- Aid -- Health systems -- Social policy and global health -- A closer look at three political economies : China, Kerala, and Chile -- Global governance and health -- Poverty -- The physical environment and disease -- The social environment and disease -- Globalization, internal conflict, and the resource curse -- Frontiers in global health.
650 1 2 _aWorld Health.
650 2 2 _aHealth Policy.
700 1 _aSu, Celina,
_d1977-
_eauthor.
776 0 8 _iOnline version:
_aMuennig, Peter, author.
_tIntroducing global health
_bFirst edition.
_dSan Francisco : Jossey-Bass, a Wiley brand, [2013]
_z9781118220412
_w(DLC) 2013013500
856 4 2 _3Contributor biographical information
_uhttp://www.loc.gov/catdir/enhancements/fy1313/2013012274-b.html
856 4 2 _3Publisher description
_uhttp://www.loc.gov/catdir/enhancements/fy1313/2013012274-d.html
856 4 1 _3Table of contents only
_uhttp://www.loc.gov/catdir/enhancements/fy1313/2013012274-t.html
906 _a7
_bcbc
_corignew
_d1
_eecip
_f20
_gy-gencatlg
942 _2lcc
_cBK
_kFOR
999 _c282716
_d282716